Claves de la modernización del Derecho de contratos.

Guardat en:
Dades bibliogràfiques
Autor principal: Morales Moreno, Antonio Manuel (autor)
Altres autors: Vidal Olivares, Álvaro (prólogo), Oviedo Albán, Jorge (presentación)
Format: Llibre
Idioma:espanyol
Publicat: Bogotá, Colombia: Ibañez; Centro de Estudios de Derecho Comparado, 2016.
Col·lecció:Colección Monografías del Derecho Privado, 2.
Matèries:
Etiquetes: Afegir etiqueta
Sense etiquetes, Sigues el primer a etiquetar aquest registre!

MARC

LEADER 00000cam a2200000 a 4500
001 UCD6385
003 CL-VaPUC
005 20220822114411.0
008 161201e20160000ck |||||||||||||||||spa|d
999 |c 366738  |d 366736 
020 |a 978-958-749-652-9 
040 |c Pontificia Universidad Católica de Valparaíso 
082 0 4 |a 346.02 MOR 2016   |2 21 
100 |a Morales Moreno, Antonio Manuel  |e autor  |9 595007 
245 1 0 |a Claves de la modernización del Derecho de contratos.  
260 |a Bogotá, Colombia:  |b Ibañez;   |b Centro de Estudios de Derecho Comparado,  |c 2016.  
300 |a 124 páginas.  
490 0 |a Colección Monografías del Derecho Privado, 2.  
500 |a c.2 Donación Familia Prof. Alejandro Guzmán Brito. 
583 |a last modification  |c 20161201 17:35:00  |k Rodrigo Vera 
650 0 |a Derecho privado  |9 258243 
650 0 |a Contratos  |9 255153 
650 0 |a Incumplimiento de los contratos   |9 385193 
700 |a Vidal Olivares, Álvaro  |9 737465  |e prólogo 
700 |a Oviedo Albán, Jorge  |e presentación  |9 866127 
942 |c BK  |2 ddc  |n 0 
945 |d 20161201 17:35:00  |a arojas 
952 |0 0  |1 0  |3 erd  |4 0  |6 346_020000000000000_MOR_2016_2016  |7 0  |8 A  |9 481262  |a BIBDER  |b BIBDER  |i 5354722  |l 9  |m 3  |o 346.02 MOR 2016 2016  |p 5354722  |r 2025-01-21  |s 2025-01-21  |w 2019-11-24  |y BK  |z Catalogado en:20161201  |k DER 
952 |0 0  |1 0  |2 ddc  |4 0  |6 346_020000000000000_MOR_2016  |7 1  |8 C_AGB  |9 581059  |a BIBDER  |b BIBDER  |d 2022-02-02  |e Donación   |i 5644054  |o 346.02 MOR 2016  |p 5644054  |r 2023-01-25  |t 2  |w 2022-02-02  |y BK_US  |k AGB